[Event "Saint Luc Haut-Richelieu"]
[Site "Saint Luc"]
[Date "1997.05.18"]
[Round "3"]
[White "Rousseau, Robert"]
[Black "Lacroix, Serge"]
[Result "0-1"]
[WhiteElo "1731"]
[BlackElo "2051"]
[PlyCount "80"]
[EventDate "1997.05.17"]
[EventType "swiss"]
[EventRounds "5"]
[EventCountry "CAN"]
[SourceTitle "EXT 2022"]
[Source "ChessBase"]
[SourceDate "2021.10.06"]
[SourceVersion "1"]
[SourceVersionDate "2021.10.06"]
[SourceQuality "1"]

1. e4 e5 2. Nf3 Nc6 3. d4 exd4 4. Bc4 Nf6 5. 0-0 Nxe4 6. Re1 d5 7. Bxd5 Qxd5 8. Nc3 Qa5 9. Nxe4 Be6 10. Neg5 0-0-0 11. Nxe6 fxe6 12. Ng5 Bb4 13. Rxe6 Qf5 14. Qe2 d3 15. cxd3 Nd4 16. Qe4 Qxe4 17. Rxe4 Nc2 18. Rb1 Rxd3 19. Be3 Rhd8 20. h3 Rd1+ 21. Rxd1 Rxd1+ 22. Kh2 Nxe3 23. Rxb4 Nd5 24. Rb3 Rd2 25. Kg3 h6 26. Ne4 Rc2 27. Kf3 b6 28. a3 Kd7 29. Rd3 Ke6 30. Rd2 Rc1 31. Re2 Kd7 32. Ng3 g6 33. Ke4 Kd6 34. Rd2 c6 35. Ne2 Re1 36. Kd4 Ke6 37. g3 g5 38. f4 gxf4 39. gxf4 Kf5 40. Rc2 Rd1+ 0-1